=LDR 00000nam 2200000 4500 =001 INLIS000000000000376 =005 20150311091201.0 =006 =007 =008 Ind =035 ##$$0010-061300000000376 =041 ##$$a Ind =082 ##$$a 959.807 =090 ##$$a 959.807 Ilm =245 ##$$a Ilmu pengetahuan sosial sejarah 1 c sesuai kurikulum 1994 untuk kelas 1 caturwulan 3 SLTP =260 ##$$a Klaten $b Intan Pariwara $c 1994 =300 ##$$a 99 hlm. : ilus. ; 21 cm =650 ##$$a Sejarah =650 ##$$a Studi dan pengajaran =850 ##$$a NBPNMAT